[Event "Metz op 30th"]
[Site "Metz"]
[Date "2012.04.23"]
[Round "3"]
[White "Vaibhav, Suri"]
[Black "Turov, Maxim"]
[Result "1/2-1/2"]
[WhiteElo "2494"]
[BlackElo "2658"]
[Annotator "Metz Alekhine/Primel,D"]
[PlyCount "83"]
[EventDate "2012.04.14"]
[EventType "swiss"]
[EventRounds "9"]
[EventCountry "FRA"]
[SourceTitle "EXT 2013"]
[Source "ChessBase"]
[SourceDate "2012.11.22"]
[SourceVersion "1"]
[SourceVersionDate "2012.11.22"]
[SourceQuality "1"]

1. e4 {01h30} c6 2. d4 d5 3. Nc3 dxe4 4. Nxe4 Nf6 5. Nxf6+ gxf6 6. c3 Qd5 7. c4
{Après 07 mns de réflexion sur ce coup et il ne s'agissait peut-être pas d'une
préparation} Qd6 (7... Qe4+ 8. Be3 e5 9. Ne2 Bb4+ 10. Nc3 Bxc3+ 11. bxc3 Bf5
12. Qd2 Nd7 13. Rc1 c5 14. f3 Qc6 15. Be2 O-O-O 16. d5 Qa6 17. Qb2 e4 18. f4
Rhg8 19. Rg1 Bg4 20. Bf1 f5 21. Rb1 Rg6 22. Qc2 Rdg8 23. Rb5 Kb8 24. Kd2 Qa3
25. Rb3 Qa5 26. Qb2 Rb6 27. Ke1 Bh5 28. Kf2 Bd1 29. Rxb6 Qxb6 30. Qd2 Bh5 31.
h3 Qg6 32. Ke1 Qb6 33. Be2 Bxe2 34. Qxe2 Qf6 35. Kf2 Qh4+ 36. Kf1 h5 37. Qe1 {
Bruzon Batista,L (2691)-Alvarez Pedraza,A (2557) Guarenas 2012 1-0 (68)}) 8.
Be3 {82} Bf5 {83} 9. Nf3 {76} Rg8 $146 {66 Les Noirs sont sortis de la
préparation} (9... Nd7 10. Bd3 Bg4 11. Qc2 e6 12. Nd2 f5 13. f3 Bh5 14. O-O-O
Bg7 15. c5 Qc7 16. g4 f4 17. gxh5 fxe3 18. Nc4 Qf4 19. Nd6+ Ke7 20. Be2 b6 21.
Rhg1 Bf6 22. Kb1 Rab8 23. Ne4 Qf5 24. Bd3 Qxh5 25. Rg4 Bxd4 26. Bf1 bxc5 27. b3
Qf5 28. Rg3 Rhg8 29. Bh3 Qe5 30. f4 Qh5 31. Ng5 h6 32. Bg4 Qg6 33. Ne4 Nf6 34.
f5 Qxg4 35. Rxg4 Rxg4 36. Nxf6 Kxf6 37. fxe6 fxe6 38. Rf1+ Ke5 39. Qh7 {
Zimina,O (2346)-Khotenashvili,B (2470) Konya 2011 0-1}) 10. g3 Qb4+ 11. Qd2 Na6
12. Be2 O-O-O $132 13. O-O {61} Qxd2 {60} 14. Bxd2 e6 15. a3 {55} c5 {56} 16.
Bc3 (16. Be3) 16... Be7 17. Rad1 (17. dxc5 Nxc5 18. b4 Na4 $11) 17... Be4 18.
Rfe1 f5 19. Ne5 cxd4 20. Rxd4 f6 21. Nf3 {31} (21. Rxd8+ $5) 21... Nc5 22. b4
Nb3 23. Rdd1 e5 24. c5 Bc2 25. Rxd8+ Rxd8 26. Bc4 Bf8 27. Nh4 Nd4 28. f3 {
Un peu affaiblissant} Kc7 (28... Bh6 29. Kf2 Bg5 30. Ng2) 29. Kf2 Bh6 30. f4 {
03} Be4 {17} 31. Rd1 $14 Nc2 32. Rxd8 Kxd8 33. fxe5 (33. Be6 {[%csl Rf5]} exf4
34. Bxf6+) 33... Be3+ $1 34. Kf1 (34. Ke2) 34... Nxa3 35. Bg8 Nb5 36. Bb2 fxe5
37. Bxh7 {[%csl Gh2][%cal Gh2h8]} Bd4 38. Bxd4 Nxd4 39. g4 $1 Bd3+ 40. Kf2 Nc2
41. Bxf5 Nxb4 {[%csl Ga7][%cal Ga7a1]} 42. Ke3 1/2-1/2

[Event "Norway Chess 4th"]
[Site "Stavanger"]
[Date "2016.04.27"]
[Round "7"]
[White "Grandelius, Nils"]
[Black "Li, Chao B"]
[Result "1/2-1/2"]
[WhiteElo "2646"]
[BlackElo "2755"]
[Annotator "Skembris,S"]
[PlyCount "185"]
[EventDate "2016.04.19"]
[EventType "tourn"]
[EventRounds "9"]
[EventCountry "NOR"]
[EventCategory "21"]
[SourceTitle "CBM 172"]
[Source "ChessBase"]
[SourceDate "2016.05.12"]
[SourceVersion "1"]
[SourceVersionDate "2016.05.12"]
[SourceQuality "1"]

{In 2009 I participated in a really nice tournament in Porto Mannu. There I
met some talented young players, among them Nils Grandelius. We played a few
blitz games and analysed together, and it was clear to me that Nils would soon
become a GM - and a strong one as well...} 1. e4 c6 2. d4 d5 3. Nc3 dxe4 4.
Nxe4 Nf6 $5 {This sharp line was for many years my favourite line in the
Caro-Kann. You can see some of my games and experiences with it in an article
I wrote in CBM 136.} 5. Nxf6+ gxf6 $5 {This leads to very complicated and
unbalanced positions.} (5... exf6 {is less ambitious, but keeps a more healthy
pawn stucture.}) 6. c3 $5 {This is the most flexible continuation. More about
the alternatives can be seen in my article in CBM 136.} Bf5 $5 ({After} 6...
Nd7 7. g3 (7. Bd3 $5 Nb6 8. Ne2 $14) 7... Nb6 8. Bg2 h5 9. Nf3 Bg4 10. h3 $14 {
White has the better chances, eg} Be6 (10... Bf5 $5) 11. O-O Qd7 12. Kh2 O-O-O
13. a4 Bh6 (13... Nd5 $5) 14. a5 Nd5 $6 (14... Nc4 15. Bxh6 Rxh6 16. Nh4 $1 $14
) 15. c4 $16 {1-0 Wei,Y (2638)-Onischuk,V (2593)/Kocaeli 2014/CBM 162 Extra 
(35)}) 7. Nf3 Nd7 ({An interesting way is} 7... Qc7 $5 8. g3 $140 e5 9. Bg2 (9.
dxe5 fxe5 $132) 9... Nd7 10. O-O (10. Nh4 Be6 11. O-O (11. dxe5 O-O-O $5 $44 (
11... Nxe5 12. O-O Bd6 13. Qd4 $14)) 11... h5 $5 (11... O-O-O 12. Qh5)) 10...
h5 $5 {with chances for both sides.}) 8. g3 $1 {The fianchettoed bishop will
defend White's king position after castling kingside, as well as help in the
attack against the black king after castling queenside.} Qc7 ({An original
idea is} 8... Qa5 $5 9. Bg2 (9. Qe2 {X f1/a6} Nb6 10. Bg2 $140 Be6 $132) 9...
Qb5 (9... Qa6 $5) 10. Nh4 $6 (10. Qb3 $5 $36) 10... Bg6 $6 (10... Bd3 $5 $132)
11. Nxg6 hxg6 12. Qb3 $14 {0-1 Gopal,G (2597)-Short,N (2658)/Caleta 2011/CBM
141 (44)}) 9. Bg2 e6 {This natural move isolates the bishop on f5 from the
queenside, after which it will be dangerous for Black to castle queenside.} (
9... e5 $5 10. Nh4 $140 $5 Be6 11. Qh5 (11. O-O h5) 11... exd4 $36) 10. Nh4 $5
{This strong move (which I proposed in my article) makes the black position
very difficult, as soon it will be difficult to get any active counterplay.}
Bg6 11. Bf4 (11. O-O Bd6 (11... O-O-O 12. a4 $1 $40) 12. Qe2 f5 13. Bg5 $1 $16
O-O (13... f4 14. Qg4 $18) 14. Rfe1 $16 {Kukk,R (2565)-Cuno,T (2526) ICCF
email 2004 1/2-1/2 (40)}) 11... Bd6 ({The last chance to play actively was} 
11... e5 $5 12. Bd2 (12. dxe5 fxe5 13. Bg5 f6) 12... O-O-O) 12. Bxd6 (12. Bh6
$5 O-O-O 13. O-O Kb8 14. a4 $40) 12... Qxd6 13. O-O (13. Qe2 O-O-O 14. O-O Rhe8
15. Rfd1 $14) 13... f5 $146 {A novelty which does not change the evaluation of
the position. Black will have to defend passively for a long time.} (13... O-O
14. f4 f5 15. Bf3 Rad8 16. Qe2 h6 17. a4 $14) (13... O-O-O 14. f4 f5 15. Qe2
$14 (15. a4 $5)) 14. b4 $36 {Taking control of the dark squares.} (14. Qd2 O-O
15. Rfe1 Rfe8 16. a4 $14) 14... Nf6 (14... O-O 15. Qd2 $14) 15. a4 a6 ({
Another try was} 15... f4 16. Re1 {although White keeps a plus.}) 16. Re1 (16.
Nf3 Bh5) 16... O-O 17. a5 {In my opinion it was better to keep the option to
play b5, especially since the black bishop cannot participate in the fight on
the queenside.} ({For example} 17. Rc1) ({or} 17. Qc1) 17... Rad8 18. Qc1 Kg7 {
Black cannot do much more than wait.} 19. Nf3 Nd7 20. Nd2 Qc7 21. Nc4 Rfe8 22.
Ra2 h6 23. Rae2 Bh5 24. Re3 Nf6 25. Ne5 Ng4 {The exchange of the knights makes
Black's defensive task a bit easier, but his position is still worse.} 26. Nxg4
Bxg4 27. Re5 Bh5 28. Bf1 {In order to improve his position White would have to
break the pawn structure, probably with g4.} ({A start in this direction could
be} 28. Qf4 $5 Qb8 $140 29. Kh1 Rd7 30. h3 {It could be a good start in this
direction.}) 28... Rd5 29. R5e3 Qe7 30. Bc4 Rdd8 31. Re5 Qg5 32. R1e3 ({After} 
32. f4 Qg4 33. Qe3 Qf3 {still nothing happens.}) 32... Bg6 33. Bb3 Rd6 34. h4
Qf6 35. Re1 Red8 36. Qf4 Bh5 37. Kh2 ({Here once more White had the chance to
prepare g4 with} 37. f3 $5) 37... Bg6 38. R1e3 h5 {I don't know if Black had
to play this unpositional move, as he completely gives up the control over the
black squares. Propably Li Chao wanted to meet the white plan with f3 and g4,
but to defend in this way he needs very good nerves!} 39. Re1 Bh7 40. Kg2 Qh6
41. Qg5+ (41. Qf3 $142) 41... Bg6 42. R5e3 R8d7 {After the black queen has
been blocked on the kingside White gets the chance to try an interesting idea.
He will use his king to attack the queenside pawns by going to b6, so Black
will be forced to reorganise his defensive setup.} 43. Kf1 Rd8 44. Ke2 R6d7 45.
Kd2 Rd6 46. Kc1 R6d7 47. Kb2 Rd6 48. Bc4 Re8 49. Kb3 Rd7 50. Bf1 $6 ({Here
after} 50. Qxh6+ $5 Kxh6 51. Be2 Kg7 52. Kc4 Rde7 53. Kc5 $16 {Black has a lot
of difficulties.}) 50... Qxg5 51. hxg5 Rh8 52. Bg2 (52. f4 h4 {and Black
breathes...}) 52... Rdd8 {Black goes on with the passive defence.} (52... h4 $5
) 53. Rh1 f6 54. gxf6+ {According to the engines' evaluation this offers White
a winning advantage.} (54. d5 $5 {gives good practical chances, for example}
fxg5 (54... e5 55. dxc6 bxc6 56. gxf6+ Kxf6 57. Bxc6 Rd2 58. f4 $14) (54...
cxd5 55. Rxe6 $16) 55. Rxe6 Bf7 56. Re7 Kf6 57. Rxb7 Rxd5 $1 58. Rxf7+ Kxf7 59.
Bxd5+ cxd5 60. b5 axb5 61. Kb4 $16) 54... Kxf6 55. Kc4 (55. Rh4 $5 $16) 55...
Ke7 56. Kc5 Bf7 57. Rh4 Kd7 58. Kb6 Kc8 59. Bf3 Kb8 60. Re1 Rh6 61. Re5 Rd6 62.
Kc5 Kc7 63. Re1 Rd8 64. c4 Rh7 65. Reh1 Rdh8 66. Rb1 Be8 67. Re1 Bd7 68. Re5
Rh6 69. d5 {Finally White tries to break the black position.} exd5 70. cxd5
cxd5 71. Bxd5 (71. Rxd5 $142) 71... b6+ 72. Kd4 ({After} 72. axb6+ Rxb6 {
Black can defend.}) 72... bxa5 73. bxa5 Rb8 74. Bc4 Rb2 75. Rc5+ (75. Ke3 $142
$5) 75... Kd6 76. Rd5+ Kc7 77. Rf4 $14 (77. f3 $5 Rg2 $140 78. Bd3 Rxg3 79. Ke3
Rg5 80. Kf4 $36) 77... Rc6 78. Rc5 $6 {Now eveything is clear and the position
is equal.} Rd2+ 79. Kc3 Rxc5 80. Kxd2 Rxa5 81. Bf7 Kd6 82. Rd4+ Ke7 83. Bxh5
Re5 84. g4 fxg4 85. Bxg4 Bxg4 86. Rxg4 a5 87. Kc3 Rf5 88. Ra4 Rxf2 89. Rxa5 $11
Rf3+ 90. Kb4 Rf4+ 91. Kb5 Rf5+ 92. Ka4 Rxa5+ 93. Kxa5 {It seems that White's
setup with g3 is the most critical one and Black needs to be very careful in
this line.} 1/2-1/2